Island countries in southern hemisphere - Statistics

General Stats
  • This quiz has been taken 71 times
  • The average score is 16 of 18
Answer Stats
Hint Answer % Correct
Oceania New Zealand
93%
Africa Comoros
92%
Oceania Fiji
92%
Africa Madagascar
92%
Oceania Nauru
92%
Oceania Nauru
92%
Africa Mauritius
90%
Africa Seychelles
90%
Asia Indonesia
88%
Africa Sao tome and Principe
88%
Oceania Papua New Guinea
85%
Oceania Samoa
85%
Oceania Tuvalu
85%
Oceania Solomon Islands
83%
Oceania Vanuatu
83%
Asia East Timor
81%
Oceania Kiribati
81%
Oceania Tonga
81%
No matching quizzes found
Score Distribution
Percent of People with Each Score
Percentile by Number Answered
Your Score History
You have not taken this quiz